<?xml version="1.0" encoding="UTF-8"?>
<collection xmlns="http://www.loc.gov/MARC21/slim">
    <record>
        <controlfield tag="001">70808</controlfield>
        <controlfield tag="005">20180530133842.0</controlfield>
        <datafield tag="024" ind1="8" ind2=" ">
            <subfield code="2">sideral</subfield>
            <subfield code="a">106104</subfield>
        </datafield>
        <datafield tag="037" ind1=" " ind2=" ">
            <subfield code="a">ART-2018-106104</subfield>
        </datafield>
        <datafield tag="041" ind1=" " ind2=" ">
            <subfield code="a">spa</subfield>
        </datafield>
        <datafield tag="100" ind1=" " ind2=" ">
            <subfield code="0">(orcid)0000-0002-9958-9972</subfield>
            <subfield code="a">Vicente Oliva, Silvia</subfield>
        </datafield>
        <datafield tag="245" ind1=" " ind2=" ">
            <subfield code="a">Gestión estratégica del conocimiento en el ámbito de Defensa</subfield>
        </datafield>
        <datafield tag="260" ind1=" " ind2=" ">
            <subfield code="c">2018</subfield>
        </datafield>
        <datafield tag="506" ind1="0" ind2=" ">
            <subfield code="a">Access copy available to the general public</subfield>
            <subfield code="f">Unrestricted</subfield>
        </datafield>
        <datafield tag="520" ind1="3" ind2=" ">
            <subfield code="a">El conocimiento es una capacidad estrate´gica clave en las organizaciones. Las pra´cticas especi´ficas para la gestio´n del conocimiento se pueden abordar desde diferentes perspectivas. El enfoque que se adopta en este capi´tulo,
desde la direccio´n estrate´gica y las capacidades dina´micas de las organizaciones del sector de Defensa, permite explorar la gestio´n para favorecer el desarrollo de programas exitosos y aprender para el desarrollo de los siguientes programas mejor, siempre y cuando exista un contexto de conocimiento favorable. Para ello, se propone que la gestio´n del conocimiento apoye a la gestio´n de programas aunando en un mismo contexto el foco estrate´gico interno y externo de negocio. Por un lado, el foco interno deberi´a situarse sobre las lecciones aprendidas de programas anteriores y la experiencia del equipo que ha participado en otros proyectos. Y, el foco internoexterno se situari´a en las actividades de vigilancia y prospectiva estrate´gica respecto a tecnologi´as y agentes, para establecer acuerdos de colaboracio´n y contratacio´n con socios para la realizacio´n de programas de Defensa.</subfield>
        </datafield>
        <datafield tag="540" ind1=" " ind2=" ">
            <subfield code="9">info:eu-repo/semantics/openAccess</subfield>
            <subfield code="a">by-nc</subfield>
            <subfield code="u">http://creativecommons.org/licenses/by-nc/3.0/es/</subfield>
        </datafield>
        <datafield tag="655" ind1=" " ind2="4">
            <subfield code="a">info:eu-repo/semantics/article</subfield>
            <subfield code="v">info:eu-repo/semantics/publishedVersion</subfield>
        </datafield>
        <datafield tag="773" ind1=" " ind2=" ">
            <subfield code="g">194 (2018), 71-98</subfield>
            <subfield code="p">Cuad. estrateg.</subfield>
            <subfield code="t">Cuadernos de estrategia</subfield>
            <subfield code="x">1697-6924</subfield>
        </datafield>
        <datafield tag="856" ind1="4" ind2="1">
            <subfield code="u">http://www.ieee.es/publicaciones-new/cuadernos-de-estrategia/2018/Cuaderno_194.html</subfield>
            <subfield code="z">Texto completo de la revista</subfield>
        </datafield>
        <datafield tag="856" ind1="4" ind2=" ">
            <subfield code="s">312985</subfield>
            <subfield code="u">http://zaguan.unizar.es/record/70808/files/texto_completo.pdf</subfield>
            <subfield code="y">Versión publicada</subfield>
        </datafield>
        <datafield tag="856" ind1="4" ind2=" ">
            <subfield code="s">76486</subfield>
            <subfield code="u">http://zaguan.unizar.es/record/70808/files/texto_completo.jpg?subformat=icon</subfield>
            <subfield code="x">icon</subfield>
            <subfield code="y">Versión publicada</subfield>
        </datafield>
        <datafield tag="909" ind1="C" ind2="O">
            <subfield code="o">oai:zaguan.unizar.es:70808</subfield>
            <subfield code="p">articulos</subfield>
            <subfield code="p">driver</subfield>
        </datafield>
        <datafield tag="951" ind1=" " ind2=" ">
            <subfield code="a">2018-05-30-12:02:18</subfield>
        </datafield>
        <datafield tag="980" ind1=" " ind2=" ">
            <subfield code="a">ARTICLE</subfield>
        </datafield>
    </record>

    
</collection>